UBT Library

Immunology and molecular biology of parasitic infections / (Record no. 41393)

000 -LEADER
fixed length control field 00688cam a2200241 a 4500
001 - CONTROL NUMBER
control field 1543713
005 - DATE AND TIME OF LATEST TRANSACTION
control field 20180131075742.0
008 - FIXED-LENGTH DATA ELEMENTS--GENERAL INFORMATION
fixed length control field 911015s1993 maua b 001 0 eng c
010 ## - LIBRARY OF CONGRESS CONTROL NUMBER
LC control number 91033324
020 ## - INTERNATIONAL STANDARD BOOK NUMBER
International Standard Book Number 0865420955
040 ## - CATALOGING SOURCE
Original cataloging agency DNLM/DLC
Transcribing agency DLC
Modifying agency DLC
041 ## - LANGUAGE CODE
Language code of text/sound track or separate title eng
060 ## - NATIONAL LIBRARY OF MEDICINE CALL NUMBER
Classification number WC 695 I324
080 ## - UNIVERSAL DECIMAL CLASSIFICATION NUMBER
Universal Decimal Classification number 616.96079 ken
082 00 - DEWEY DECIMAL CLASSIFICATION NUMBER
Classification number 616.96079 ken
Edition number 20
100 ## - Rafti
Rafti 9
101 ## - Shkurtesa
Shkurtesa imu
245 00 - TITLE STATEMENT
Title Immunology and molecular biology of parasitic infections /
Statement of responsibility, etc edited by Kenneth S. Warren.
504 ## - BIBLIOGRAPHY, ETC. NOTE
Bibliography, etc Includes bibliographical references and index.
906 ## - LOCAL DATA ELEMENT F, LDF (RLIN)
a 7
b cbc
c orignew
d 1
e ocip
f 19
g y-gencatlg
942 ## - ADDED ENTRY ELEMENTS (KOHA)
Source of classification or shelving scheme
Item type Books
Holdings
Withdrawn status Lost status Source of classification or shelving scheme Damaged status Not for loan Collection code Permanent location Current location Shelving location Date acquired Total Checkouts Full call number Barcode Date last seen Price effective from Koha item type
          Koleksioni i përgjithshem UBT - Lipjan UBT - Lipjan Koleksioni i përgjithshem 01/31/2018   616.96079 ken 002-2998028 01/31/2018 01/31/2018 Books
UBT Library © 2015-2024. All rights reserved University Education for Business and Technology